Numerical methods (Record no. 64038)

000 -LEADER
fixed length control field 00421nam a22001697a 4500
003 - CONTROL NUMBER IDENTIFIER
control field NUST - PNEC
005 - DATE AND TIME OF LATEST TRANSACTION
control field 20170116180831.0
008 - FIXED-LENGTH DATA ELEMENTS--GENERAL INFORMATION
fixed length control field 150731b xxu||||| |||| 00| 0 eng d
020 ## - INTERNATIONAL STANDARD BOOK NUMBER
International Standard Book Number 9788122428131
040 ## - CATALOGING SOURCE
Transcribing agency LIBRARY
082 ## - DEWEY DECIMAL CLASSIFICATION NUMBER
Classification number 518 DUK
100 ## - MAIN ENTRY--PERSONAL NAME
9 (RLIN) 4660
Personal name Dukkipati, Rao V.
245 ## - TITLE STATEMENT
Title Numerical methods
Statement of responsibility, etc. Rao v. dukkipati
250 ## - EDITION STATEMENT
Edition statement 1st ed
650 ## - SUBJECT ADDED ENTRY--TOPICAL TERM
9 (RLIN) 4661
Topical term or geographic name entry element Numerical analysis
General subdivision ME
942 ## - ADDED ENTRY ELEMENTS (KOHA)
Source of classification or shelving scheme
Koha item type Book
Holdings
Withdrawn status Lost status Source of classification or shelving scheme Damaged status Not for loan Permanent Location Current Location Shelving location Date acquired Total Checkouts Full call number Barcode Date last seen Date last checked out Price effective from Koha item type
          Pakistan Navy Engineering College (PNEC) Pakistan Navy Engineering College (PNEC)   07/31/2015 1 518 DUK PNECLIB-031607 08/19/2016 05/09/2016 07/31/2015 Book
          Pakistan Navy Engineering College (PNEC) Pakistan Navy Engineering College (PNEC)       518 DUK PNECLIB-031573 08/01/2015     Book
© 2023 Central Library, National University of Sciences and Technology. All Rights Reserved.